La construcción social del conocimiento matemático escolar: un estudio socioepistemológico sobre la periodicidad de las funciones

Uloženo v:
Podrobná bibliografie
Hlavní autor: Buendía Abalos, Gabriela
Médium: Kniha
Jazyk:španělština
Vydáno: Madrid, España Díaz de Santos 2011
Témata:
Tagy: Přidat tag
Žádné tagy, Buďte první, kdo vytvoří štítek k tomuto záznamu!

MARC

LEADER 00000cam a2200000 a 4500
001 UCF3493
003 CL-VaPUC
005 20240705074025.0
008 121018e20110000SP |||||||||||||||||spa|d
999 |c 349796  |d 349794 
020 |a 9788499690049 
040 |c Pontificia Universidad Católica de Valparaíso 
082 0 4 |a 372.72 BUE 2011  |2 21 
100 0 |a Buendía Abalos, Gabriela  |9 565316 
245 1 3 |a La construcción social del conocimiento matemático escolar: un estudio socioepistemológico sobre la periodicidad de las funciones 
260 0 3 |a Madrid, España  |b Díaz de Santos  |c 2011 
300 |a 139 páginas 
583 |a last modification  |c 20121018 14:27:00  |k Rodrigo Vera 
650 0 |a Matemática  |9 260235 
650 0 |a Aprendizaje   |9 254827 
650 0 |a Matemáticas  |x Enseñanza  |9 875527 
650 0 |a Crítica e interpretación   |9 255042 
942 |c BK  |2 ddc 
945 |d 20121018 00:00:00  |a dcastane 
952 |0 0  |1 0  |2 ddc  |4 0  |6 372_720000000000000_BUE_2011  |7 0  |8 A  |9 452578  |a BIBMAT  |b BIBMAT  |c E_DIDACT  |d 2019-11-22  |i 4915240  |o 372.72 BUE 2011  |p 4915240  |r 2025-01-07  |t 1  |w 2019-11-22  |y BK  |k MAT 
952 |0 0  |1 0  |2 ddc  |4 0  |6 372_720000000000000_BUE_2011  |7 0  |8 A  |9 452579  |a BIBMAT  |b BIBMAT  |c E_DIDACT  |d 2019-11-22  |i 4915259  |o 372.72 BUE 2011  |p 4915259  |r 2025-01-07  |t 2  |w 2019-11-22  |y BK  |k MAT 
952 |0 0  |1 0  |2 ddc  |4 0  |6 372_720000000000000_BUE_2011  |7 0  |8 A  |9 452580  |a BIBMAT  |b BIBMAT  |c E_DIDACT  |d 2019-11-22  |i 4915267  |o 372.72 BUE 2011  |p 4915267  |r 2025-01-07  |t 3  |w 2019-11-22  |y BK  |k MAT 
952 |0 0  |1 0  |2 ddc  |4 0  |6 372_720000000000000_BUE_2011  |7 0  |8 A  |9 452581  |a BIBMAT  |b BIBMAT  |c E_DIDACT  |d 2019-11-22  |i 4915275  |o 372.72 BUE 2011  |p 4915275  |r 2025-01-07  |t 4  |w 2019-11-22  |y BK  |k MAT